| 000 | 00000nam##2200000za#4500 |
| 001 | 9.599482 |
| 003 | CaOODSP |
| 005 | 20240501092930 |
| 007 | cr ||||||||||| |
| 008 | 150406|1991||||xxc|||||o f|0| 0 fre|d |
| 040 | |aCaOODSP|bfre |
| 043 | |an-cn--- |
| 086 | 1 |aPS83-3/14F-PDF |
| 110 | 2 |aService correctionnel Canada. |
| 245 | 10|aPersonnes souffrant de déficience intellectuelle incarcérées pour des délits criminels : |h[ressource électronique]|bexamen de la documentation / |crédigé par Orville R. Endicott |
| 260 | |bService correctionnel Canada |cMars 1991. |
| 300 | |a60p.|bgraphique, tableau |
| 490 | 1 |aRapport de recherche|vR-14 |
| 504 | |aBibliographie. |
| 590 | |a10-09-Supp|b2010-11-02 |
| 710 | 2 |aConseiller juridique. |
| 710 | 2 |aAssociation canadienne pour l'intégration sociale. |
| 720 | 1 |aEndicott, Orville R. |
| 775 | 08|tPersons with intellectual disability who are incarcerated for criminal offences : |w(CaOODSP)9.568190 |
| 830 | #0|aRapport de recherche (Service correctionnel Canada. Direction de la recherche)|vR-14|w(CaOODSP)9.502465 |
| 856 | 40|ahttp://publications.gc.ca|qPDF|s208 Ko|uhttps://publications.gc.ca/collections/collection_2010/scc-csc/PS83-3-14-fra.pdf|yR-14 |